| 000 | 01464nam0a2200337 4500 | ||
|---|---|---|---|
| 001 | RU\NLR\BIBL_A\011684545 | ||
| 005 | 20180503101027.0 | ||
| 010 |
_a978-5-93620-044-1 _9500 |
||
| 021 |
_aRU _bКН-П-18-020230 _9КН-П-18-1469 |
||
| 035 | _a(NLR Aleph) 011684545 | ||
| 035 | _a(RuMoRGB)009574777 | ||
| 090 |
_a11305233 _c11305233 |
||
| 100 | _a20180418d2018 k y0rusy50 ca | ||
| 101 | 0 | _arus | |
| 102 | _aRU | ||
| 105 | _aa z 000zy | ||
| 200 | 1 |
_aТипологические особенности специальных журналов в области полиграфии как одного из сегментов периодической печати в России _fА. Е. Болотина |
|
| 210 |
_aМосква _cДимитрейд График Групп _d2018 |
||
| 215 |
_a113 с. _cтабл. _d20 |
||
| 320 | _aБиблиогр.: с. 111-113 (32 назв.) и в подстроч. примеч. | ||
| 333 | _a16+ | ||
| 606 | 1 |
_aПолиграфические журналы _yРоссийская Федерация _2nlr_sh2 _3RU\NLR\AUTH\6601634245 |
|
| 610 | 0 | _aжурналы в области полиграфии | |
| 686 |
_aЧ612.4(2Р)723.2:М8,0 _2rubbk |
||
| 686 | 1 |
_aЧ612.4(2Р)723.2 _bМ8 |
|
| 700 | 1 |
_aБолотина _bА. Е. _gАлла Евгеньевна |
|
| 942 | _cBOOK | ||
| 980 | _aNBR | ||
| 980 | _aNB | ||